A volt Jugoszlávia országainak zászlói - Hirtelen halál - Statistics

General Stats
  • This quiz has been taken 20 times
  • The average score is 5 of 7
Answers on the Grid
Answers color-coded by a green-red scale on the quiz's grid according to % correct below.
 
Answer Stats
Answer % Correct
87%
73%
73%
67%
60%
60%
60%
No matching quizzes found
Score Distribution
Percent of People with Each Score
Percentile by Number Answered
Your Score History
You have not taken this quiz